00589cam a22002291 4500001001300000003000400013005001700017008004100034010001700075035002000092040001800112042001200130043002100142050001900163100002700182245004900209260001100258300001900269500001600288650003800304999001700342sa 68003522 DLC20260227112453.0890720s1963 ii 000 0 maro  asa 68003522  a(OCoLC)20047021 aDLCcWaUdDLC apremarc aa-cc---aa-ii---00aDS480.85b.J621 aJoshi, Shripad,d1920-10aCīnacē ākramaṇa va Gāndhīvāda. c[1963] a168 p.c19 cm. aIn Marathi. 0aSino-Indian Border Dispute, 1957- c79544d79544